000 00520nam a2200193 i 4500
001 bg
100 1 _aRYŚ, Jan.
245 0 _aPodstawy konstrukcji maszyn.
_nCz. 1,
_pZbiór zadań /
_cJan Ryś, Zbigniew Skrzyszowski.
250 _aWyd.2.
260 _aKraków,
_c1991.
650 9 _aMaszyny
_xbudowa i konstrukcje
655 _aPodręczniki akademickie
700 1 _aSKRZYSZOWSKI, Zbigniew.
040 _cBPK
041 _apol
080 _a621(075.8)
942 _cKS
008 s pl f |000 0 pol
999 _c4690
_d4690
856 _uhttp://koha.tu.koszalin.pl/cgi-bin/koha/opac-detail.pl?biblionumber=4690
_yKatalog online BPK